Т. 2 : Каолин и глины - сера; Нерудные ископаемые; Каолин и глины; Кварцевые материалы; Колчедан серный; Краски минеральные (природные); Криолит; Литий (рубидий и цезий); Литографский камень; Магнезит; Магния соли; Мрамор; Мышьяк; Нефелин; Озокерит (горный воск); Палыгорскит (и сепиолит); Полевой шпат; Редкие земли и торий; Селен; Селитра; Селен
| Parent link: | Нерудные ископаемые: сборник/ Академия наук СССР (АН СССР), Комиссия по изучению естественных производительных сил СССР. Т. 2 : Каолин и глины - сера.— , 1926- |
|---|---|
| Sprache: | Russisch |
| Veröffentlicht: |
1927
|
| TOC: | И. Гинзбург, В. Зубчанинов, Каолин и глины; Н. Яхонтов, Кварцевые материалы; А. Е. Ферсман, Колчедан серный; Б. Климов, В. Унковская, Краски минеральные (природные); И. Гинзбург, Криолит; В. Г. Хлопин, Литий (рубидий и цезий); А. Моисеев, Литографский камень; М. О. Клер, Магнезит; В. Ильинский, А. Николаев, Магния соли; А. Е. Ферсман, Мрамор; С. Константов, Мышьяк; Н. Влодавец, Нефелин; П. Пальчинский, Озокерит (горный воск); Е. Костылева, Палыгорскит (и сепиолит); И. Гинзбург, Полевой шпат; В. Унковская, Редкие земли и торий; П. Лукьянов, Селен; А. Николаев, П. Н. Чирвинский, Селитра; Д. И. Щербаков, Селен; |
| Schlagworte: | |
| Format: | MixedMaterials Buch |
| KOHA link: | https://koha.lib.tpu.ru/cgi-bin/koha/opac-detail.pl?biblionumber=42905 |
MARC
| LEADER | 00000nam2a2200000 4500 | ||
|---|---|---|---|
| 001 | 42905 | ||
| 005 | 20231101210800.0 | ||
| 035 | |a (RuTPU)RU\TPU\book\44299 | ||
| 035 | |a RU\TPU\book\174775 | ||
| 035 | |a RU\TPU\book\44297 | ||
| 090 | |a 42905 | ||
| 100 | |a 20090604d1927 km y0rusy50 ca | ||
| 101 | 0 | |a rus | |
| 102 | |a RU | ||
| 105 | |a y z 001zy | ||
| 200 | 0 | |a Т. 2 : Каолин и глины - сера |f под ред. И. И. Гинзбурга [и др.] | |
| 210 | |d 1927 | ||
| 215 | |a 659 с. |c ил. | ||
| 317 | |5 63413507: 179362 |a Поступила в НТБ в 1940 г. в составе книжного собрания академика М. А. Усова. | ||
| 317 | |5 63413507: КР-7070 |a Поступил в НТБ в 2004 г. в составе книжного собрания кафедры общей геологии | ||
| 320 | |a Указатели: с. 593-650 | ||
| 320 | |a Библиогр. в конце ст. | ||
| 461 | 1 | |0 (RuTPU)RU\TPU\book\44296 |t Нерудные ископаемые |o сборник |f Академия наук СССР (АН СССР), Комиссия по изучению естественных производительных сил СССР |v Т. 2 : Каолин и глины - сера |d 1926- | |
| 464 | |t Каолин и глины |f И. Гинзбург, В. Зубчанинов | ||
| 464 | |t Кварцевые материалы |f Н. Яхонтов | ||
| 464 | |t Колчедан серный |f А. Е. Ферсман | ||
| 464 | |t Краски минеральные (природные) |f Б. Климов, В. Унковская | ||
| 464 | |t Криолит |f И. Гинзбург | ||
| 464 | |t Литий (рубидий и цезий) |f В. Г. Хлопин | ||
| 464 | |t Литографский камень |f А. Моисеев | ||
| 464 | |t Магнезит |f М. О. Клер | ||
| 464 | |t Магния соли |f В. Ильинский, А. Николаев | ||
| 464 | |t Мрамор |f А. Е. Ферсман | ||
| 464 | |t Мышьяк |f С. Константов | ||
| 464 | |t Нефелин |f Н. Влодавец | ||
| 464 | |t Озокерит (горный воск) |f П. Пальчинский | ||
| 464 | |t Палыгорскит (и сепиолит) |f Е. Костылева | ||
| 464 | |t Полевой шпат |f И. Гинзбург | ||
| 464 | |t Редкие земли и торий |f В. Унковская | ||
| 464 | |t Селен |f П. Лукьянов | ||
| 464 | |t Селитра |f А. Николаев, П. Н. Чирвинский | ||
| 464 | |t Селен |f Д. И. Щербаков | ||
| 606 | 1 | |a Неметаллические ископаемые нерудные |x Месторождения |x Системы разработки |2 stltpush |3 (RuTPU)RU\TPU\subj\45345 |9 64593 | |
| 610 | 1 | |a геология | |
| 610 | 1 | |a нерудные ископаемые | |
| 610 | 1 | |a физические свойства | |
| 610 | 1 | |a химические свойства | |
| 610 | 1 | |a распространенность | |
| 610 | 1 | |a природные соединения | |
| 610 | 1 | |a добыча | |
| 610 | 1 | |a месторождения | |
| 610 | 1 | |a переработка | |
| 610 | 1 | |a применение | |
| 610 | 1 | |a потребление | |
| 610 | 1 | |a цены | |
| 610 | 1 | |a эксплуатация | |
| 610 | 1 | |a обогащение | |
| 610 | 1 | |a технология | |
| 610 | 1 | |a очистка | |
| 610 | 1 | |a сплавы | |
| 610 | 1 | |a опробование | |
| 610 | 1 | |a стандартизация | |
| 610 | 1 | |a испытания | |
| 610 | 1 | |a оценка | |
| 610 | 1 | |a требования | |
| 610 | 1 | |a исследования | |
| 610 | 1 | |a экспорт | |
| 610 | 1 | |a импорт | |
| 610 | 1 | |a тара | |
| 610 | 1 | |a пошлины | |
| 610 | 1 | |a заменители | |
| 610 | 1 | |a химические анализы | |
| 610 | 1 | |a сортировка | |
| 610 | 1 | |a каолины | |
| 610 | 1 | |a глины | |
| 610 | 1 | |a сера | |
| 610 | 1 | |a библиотека М. А. Усова | |
| 610 | 1 | |a Коллекция кафедры общей геологии | |
| 610 | 1 | |a дары библиотеке | |
| 675 | |a 622.35/.36 |v 4 | ||
| 801 | 1 | |a RU |b 63413507 |c 20020918 |g PSBO | |
| 801 | 2 | |a RU |b 63413507 |c 20211029 |g PSBO | |
| 942 | |c BK | ||